V jadrovej energetike ďalej jasno tak, ako v iných vyspelých krajinách reakcia odborníkov SE, a.s. na článok Nad jadrovou energetikou v SR sa zmráka
"Dostatok" inštalovaného výkonu na Slovensku. Dostavba blokov 3 a 4 Atómovej elektrárne Mochovce. Metodika hodnotenia efektívnosti investícií elektrárne Mochovce. Metodika hodnotenia investícií a vstupy pre hodnotenie. Kritériá bezpečnosti elektrární. Otvorenie energetického trhu. Postavenie jadrove...
Enregistré dans:
| Format: | Chapitre de livre |
|---|---|
| Langue: | slovaque |
| Sujets: | |
| Tags: |
Pas de tags, Soyez le premier à ajouter un tag!
|
MARC
| LEADER | 00000naa a2200000 4500 | ||
|---|---|---|---|
| 001 | r041387 | ||
| 005 | 20230801100104.9 | ||
| 041 | 0 | |a slo | |
| 044 | |a SK | ||
| 245 | 1 | 0 | |a V jadrovej energetike ďalej jasno tak, ako v iných vyspelých krajinách |b reakcia odborníkov SE, a.s. na článok Nad jadrovou energetikou v SR sa zmráka |
| 520 | |a "Dostatok" inštalovaného výkonu na Slovensku. Dostavba blokov 3 a 4 Atómovej elektrárne Mochovce. Metodika hodnotenia efektívnosti investícií elektrárne Mochovce. Metodika hodnotenia investícií a vstupy pre hodnotenie. Kritériá bezpečnosti elektrární. Otvorenie energetického trhu. Postavenie jadrovej energetiky vo svete. | ||
| 610 | 2 | 0 | |a energia atómová |
| 610 | 2 | 0 | |a elektrárne atómové |
| 610 | 2 | 0 | |a bezpečnosť jadrová |
| 610 | 2 | 0 | |a energetika |
| 610 | 2 | 0 | |a efektívnosť investícií |
| 610 | 2 | 0 | |a trh energetický |
| 610 | 2 | 0 | |a Slovensko |